The Bambuta phosphate deposit, Liberia--a reconnaissance report /

Bibliographic Details
Main Author: Rosenblum, Sam
Corporate Authors: Liberian Geological Survey, United States. Agency for International Development
Other Authors: Srivastava, S. P.
Format: Government Document Book
Language:English
Published: [Reston, Va.] : Dept. of the Interior, Geological Survey ; 1979.
Series:Geological Survey bulletin ; 1480.
Subjects:

MARC

Tag First Indicator Second Indicator Subfields
LEADER 00000cam a22000008i 4500
001 in00000813321
005 20151017105618.0
008 790401s1979 dcu b f00010 eng
010 |a gp 80004879  
010 |a  79014259  
020 |c $1.75 (pbk. :) 
035 |a (OCoLC)04883062 
035 |9 ADU0407AM 
037 |b 20402 
040 |a DLC  |c DLC  |d GPO  |d UtOrBLW 
043 |a f-lb--- 
050 0 |a QE75  |b .B9 no. 1480 
074 |a 620 
082 0 |a 557.3/08 s  |a 549/.72 
086 0 |a I 19.3:1480 
100 1 |a Rosenblum, Sam. 
245 1 4 |a The Bambuta phosphate deposit, Liberia--a reconnaissance report /  |c by Sam Rosenblum and S. P. Srivastava ; prepared in cooperation with the Liberian Geological Survey under the sponsorship of the Agency for International Development, U.S. Department of State. 
263 |a 7912 
264 1 |a [Reston, Va.] :  |b Dept. of the Interior, Geological Survey ;  |c 1979. 
264 2 |a Washington :  |b For sale by the Supt. of Docs., U.S. Govt. Print. Off, 
300 |a iv, 26 pages :  |b illustrations, map ;  |c 24 cm. 
336 |a text  |b txt  |2 rdacontent 
337 |a unmediated  |b n  |2 rdamedia 
338 |a volume  |b nc  |2 rdacarrier 
490 1 |a Geological Survey bulletin ;  |v 1480 
504 |a Bibliography: pages 25-26. 
650 0 |a Phosphates  |z Liberia. 
700 1 |a Srivastava, S. P. 
710 2 |a Liberian Geological Survey. 
710 1 |a United States.  |b Agency for International Development. 
830 0 |a Geological Survey bulletin ;  |v 1480. 
999 |a MARS 
999 f f |s bb0e6a29-c83f-3e48-8bb2-03eba307110f  |i 65de87da-e372-3c64-a524-c82a03873ec9  |t 0 
952 f f |p normal  |a Texas A&M University  |b College Station  |c Sterling C. Evans Library  |d Evans: US Documents (Annex 5th floor)  |t 0  |e I 19.3:1476-1482A  |h Superintendent of Documents classification  |i unmediated -- volume  |m A14825844256 
952 f f |a Texas A&M University  |b College Station  |c Sterling C. Evans Library  |d Evans: US Documents (Annex 5th floor)  |t 0  |e I 19.3:1480  |h Superintendent of Documents classification 
952 f f |a Texas A&M University  |b College Station  |c Sterling C. Evans Library  |d Evans: US Documents (Annex 5th floor)  |t 0  |e I 19.3:1476-1482A  |h Superintendent of Documents classification 
998 f f |a I 19.3:1480  |t 0  |l Evans: US Documents (Annex 5th floor) 
998 f f |a I 19.3:1476-1482A  |t 0  |l Evans: US Documents (Annex 5th floor)